Statistics for US States that have never had a major league sports team

Click here to take the quiz!

General Stats

  • This quiz has been taken 591 times
    (358 since last reset)
  • The average score is 14 of 16

Answer Stats

Answer% Correct
North Dakota
93%
South Dakota
93%
Idaho
92%
Maine
92%
Wyoming
91%
Alabama
90%
Alaska
90%
Montana
90%
Hawaii
88%
Vermont
88%
Arkansas
86%
New Hampshire
86%
New Mexico
86%
Delaware
83%
West Virginia
83%
Mississippi
81%

Score Distribution

Percentile by Number Answered

Percent of People with Each Score

Your Score History

You have not taken this quiz since the last reset